[Event "España ch sub-16 2012"]
[Site "Salobreña ESP"]
[Date "2012.07.18"]
[Round "4.21"]
[White "Gonzalez Santamartina, Jorge"]
[Black "Lopez Caudevilla, David"]
[Result "0-1"]
[WhiteElo "1795"]
[BlackElo "1999"]
[PlyCount "116"]
[EventDate "2012.07.16"]
[EventType "swiss"]
[EventRounds "9"]
[EventCountry "ESP"]
[Source "lmi"]
[SourceDate "2012.07.16"]

1. e4 d6 2. d4 Nf6 3. Nc3 g6 4. Nf3 Bg7 5. Bc4 O-O 6. O-O Nc6 7. a4 Bg4 8. Be3
e5 9. dxe5 Nxe5 10. Be2 Bxf3 11. Bxf3 Re8 12. Be2 Qd7 13. f4 Nc6 14. Bf3 Re7
15. Qd2 Ng4 16. Kh1 Nxe3 17. Qxe3 Nd4 18. Nd5 Ree8 19. Qd3 c6 20. Nc3 Nxf3 21.
Rxf3 Bxc3 22. bxc3 Qe6 23. Re3 Re7 24. Rae1 Rae8 25. c4 d5 26. cxd5 cxd5 27. e5
Qc6 28. Qb3 Rc7 29. R3e2 Qc4 30. Qxc4 Rxc4 31. g3 Rxa4 32. Rd2 Ra5 33. Red1 Kf8
34. Rxd5 Rxd5 35. Rxd5 Ke7 36. Rc5 Kd7 37. c4 Re6 38. Kg2 Rc6 39. Rb5 b6 40.
Rb4 a5 41. Ra4 Rc8 42. Kf3 Kc6 43. Ra1 Kc5 44. Rd1 Ra8 45. Ke4 a4 46. g4 Kxc4
47. f5 gxf5+ 48. gxf5 a3 49. e6 fxe6 50. fxe6 b5 51. Ke5 b4 52. e7 a2 53. Kf6
Re8 54. Kf7 Rxe7+ 55. Kxe7 b3 56. Ra1 b2 57. Rxa2 b1=Q 58. Rf2 Qe1+ 0-1

[Event "España ch sub-16 2012"]
[Site "Salobreña ESP"]
[Date "2012.07.18"]
[Round "4.22"]
[White "Perez Pardo, Adrian Jason"]
[Black "Serarols Mabras, Bernat"]
[Result "1/2-1/2"]
[WhiteElo "1788"]
[BlackElo "1974"]
[PlyCount "81"]
[EventDate "2012.07.16"]
[EventType "swiss"]
[EventRounds "9"]
[EventCountry "ESP"]
[Source "lmi"]
[SourceDate "2012.07.16"]

1. e4 c6 2. d4 d5 3. exd5 cxd5 4. Bf4 Nc6 5. c3 Bf5 6. Bd3 Bxd3 7. Qxd3 e6 8.
Nd2 Bd6 9. Bxd6 Qxd6 10. Qg3 Qxg3 11. hxg3 Nf6 12. Ngf3 O-O 13. O-O b5 14. Nb3
Ne4 15. Nfd2 Nxd2 16. Nxd2 b4 17. Nb3 bxc3 18. bxc3 Rab8 19. Rab1 Rb6 20. Nc5
Rfb8 21. Rxb6 Rxb6 22. f4 g6 23. Nb3 Ne7 24. Rc1 Nf5 25. Kf2 Nd6 26. g4 Ne4+
27. Ke3 Rc6 28. c4 Ra6 29. cxd5 exd5 30. Rc2 Ra3 31. Ke2 Rxa2 32. Rxa2 Nc3+ 33.
Kd2 Nxa2 34. Na5 Nb4 35. Kc3 Na6 36. Nc6 Nc7 37. Nxa7 Kg7 38. Kd3 Kf6 39. Nc6
h5 40. gxh5 gxh5 41. Ne5 1/2-1/2

[Event "España ch sub-16 2012"]
[Site "Salobreña ESP"]
[Date "2012.07.18"]
[Round "4.23"]
[White "Bernal Gomez, Alejandro"]
[Black "Ordoñez Torres, Maria Del Carmen"]
[Result "1-0"]
[WhiteElo "1785"]
[BlackElo "1913"]
[PlyCount "85"]
[EventDate "2012.07.16"]
[EventType "swiss"]
[EventRounds "9"]
[EventCountry "ESP"]
[Source "lmi"]
[SourceDate "2012.07.16"]

1. c4 Nf6 2. g3 g6 3. Bg2 Bg7 4. Nf3 O-O 5. O-O d6 6. Nc3 Nbd7 7. Rb1 a5 8. a3
e5 9. d3 c6 10. Bg5 h6 11. Bxf6 Nxf6 12. b4 axb4 13. axb4 Bd7 14. e4 Ne8 15.
Na4 b5 16. cxb5 cxb5 17. Nc3 Nc7 18. Ra1 Qe7 19. Qd2 Be6 20. Rfc1 Rfd8 21. Ne1
Qd7 22. Nd5 Bxd5 23. exd5 f5 24. Rxa8 Rxa8 25. Qc2 Ra7 26. Qc6 Na6 27. Ra1 Nxb4
28. Rxa7 Qxa7 29. Qxd6 Qd4 30. Qxg6 Nxd3 31. Qe6+ Kh8 32. Qc8+ Kh7 33. Qxf5+
Kg8 34. Qxd3 b4 35. Be4 Qa1 36. Qb1 Qc3 37. d6 Kf8 38. Nf3 Bf6 39. Qa2 b3 40.
Qa8+ Kf7 41. d7 Qc7 42. Qe8+ Kg7 43. Qg6+ 1-0

[Event "España ch sub-16 2012"]
[Site "Salobreña ESP"]
[Date "2012.07.18"]
[Round "4.24"]
[White "Jimenez Peñafiel, Gustavo"]
[Black "Nuñez Miranda, Adrian"]
[Result "0-1"]
[WhiteElo "1784"]
[BlackElo "1909"]
[PlyCount "75"]
[EventDate "2012.07.16"]
[EventType "swiss"]
[EventRounds "9"]
[EventCountry "ESP"]
[Source "lmi"]
[SourceDate "2012.07.16"]

1. e4 d6 2. Nf3 Nf6 3. Nc3 e5 4. Bc4 Be7 5. d4 Nbd7 6. dxe5 Nxe5 7. Nxe5 dxe5
8. Qxd8+ Bxd8 9. f3 c6 10. Be3 b5 11. Bb3 Bb6 12. Bxb6 axb6 13. Kf2 Ke7 14.
Rhd1 Be6 15. Bxe6 Kxe6 16. Ke2 b4 17. Nb1 Ra6 18. a3 Rha8 19. c3 bxa3 20. Rxa3
Rxa3 21. Nxa3 b5 22. Nc2 Ra2 23. Rb1 Ra7 24. Nb4 c5 25. Nc2 Nd7 26. Ne3 Nb6 27.
Rd1 Ra2 28. Rd2 Na4 29. Nd1 c4 30. Rd5 Nxb2 31. Rd2 Nxd1 32. Kxd1 Rxd2+ 33.
Kxd2 Kd6 34. Kc2 Kc5 35. Kb2 b4 36. Kc2 bxc3 37. Kc1 Kd4 38. Kc2 0-1

[Event "España ch sub-16 2012"]
[Site "Salobreña ESP"]
[Date "2012.07.18"]
[Round "5.1"]
[White "Moreno Ibañez, Miguel"]
[Black "Santos Latasa, Jaime"]
[Result "0-1"]
[WhiteElo "2055"]
[BlackElo "2399"]
[PlyCount "52"]
[EventDate "2012.07.16"]
[EventType "swiss"]
[EventRounds "9"]
[EventCountry "ESP"]
[Source "lmi"]
[SourceDate "2012.07.16"]

1. e4 c6 2. d4 d5 3. e5 Bf5 4. Nc3 e6 5. g4 Bg6 6. Nge2 c5 7. Be3 Nc6 8. dxc5
h5 9. Nf4 Bh7 10. Bb5 hxg4 11. Qxg4 Bxc2 12. Qe2 Bf5 13. O-O-O Nge7 14. Ba4 Qa5
15. Qb5 Qc7 16. Qb3 a6 17. Rxd5 g5 18. Rhd1 gxf4 19. Rd7 Qc8 20. Bxf4 Rb8 21.
Rd8+ Qxd8 22. Rxd8+ Kxd8 23. Qb6+ Kc8 24. Bc2 Bxc2 25. Kxc2 Rh4 26. Ne2 Nd5 0-1

[Event "España ch sub-16 2012"]
[Site "Salobreña ESP"]
[Date "2012.07.18"]
[Round "5.2"]
[White "Suarez Garcia, Carlos"]
[Black "Rubio Tent, Francisco"]
[Result "1-0"]
[WhiteElo "2306"]
[BlackElo "2120"]
[PlyCount "119"]
[EventDate "2012.07.16"]
[EventType "swiss"]
[EventRounds "9"]
[EventCountry "ESP"]
[Source "lmi"]
[SourceDate "2012.07.16"]

1. d4 d5 2. c4 c6 3. Nf3 Nf6 4. Nc3 a6 5. a4 e6 6. g3 dxc4 7. Bg2 c5 8. dxc5
Qxd1+ 9. Nxd1 Nc6 10. Ne3 Bxc5 11. Nxc4 Ke7 12. O-O Rd8 13. Nfe5 Nxe5 14. Nxe5
Nd7 15. Nc4 f6 16. Na5 Rb8 17. Bd2 Bd6 18. Rfc1 e5 19. Nc4 b6 20. Nxd6 Kxd6 21.
Rc6+ Ke7 22. Bb4+ Nc5 23. a5 Kf7 24. Rxb6 Nd7 25. Rxb8 Nxb8 26. Rc1 Be6 27.
Rc7+ Rd7 28. Rxd7+ Bxd7 29. Bd6 Nc6 30. Bd5+ Ke8 31. Bc4 Nxa5 32. Bxa6 Nb3 33.
Bc4 Nd4 34. Bc5 Bb5 35. Bxb5+ Nxb5 36. Kg2 g6 37. Kf3 Kd7 38. e4 f5 39. g4 Ke6
40. exf5+ gxf5 41. g5 e4+ 42. Ke3 Ke5 43. f4+ Ke6 44. h4 Nc7 45. Ke2 Kd5 46. h5
Ne6 47. Be3 Kc4 48. g6 hxg6 49. hxg6 Kb3 50. Kd2 Kxb2 51. Bd4+ Kb3 52. g7 Nxg7
53. Bxg7 Kc4 54. Bf6 Kb4 55. Ke3 Kc4 56. Bh4 Kc3 57. Be1+ Kc4 58. Kf2 Kd3 59.
Kg3 Ke3 60. Ba5 1-0

[Event "España ch sub-16 2012"]
[Site "Salobreña ESP"]
[Date "2012.07.18"]
[Round "5.3"]
[White "Navarrete Espi, Samuel"]
[Black "Santos Ruiz, Miguel"]
[Result "1-0"]
[WhiteElo "2197"]
[BlackElo "2106"]
[PlyCount "35"]
[EventDate "2012.07.16"]
[EventType "swiss"]
[EventRounds "9"]
[EventCountry "ESP"]
[Source "lmi"]
[SourceDate "2012.07.16"]

1. e4 e6 2. d4 d5 3. Nc3 Nf6 4. e5 Nfd7 5. f4 c5 6. Nf3 Nc6 7. Be3 cxd4 8. Nxd4
Bc5 9. Qd2 O-O 10. Qf2 Qe7 11. O-O-O a6 12. Qg3 Nxd4 13. Bxd4 b5 14. Bxc5 Nxc5
15. f5 Kh8 16. f6 gxf6 17. Qh4 b4 18. Rd3 1-0

[Event "España ch sub-16 2012"]
[Site "Salobreña ESP"]
[Date "2012.07.18"]
[Round "5.4"]
[White "Escudero Manzano, Alejandro"]
[Black "Rojano Alfonso, Carlos"]
[Result "1/2-1/2"]
[WhiteElo "2192"]
[BlackElo "2084"]
[PlyCount "84"]
[EventDate "2012.07.16"]
[EventType "swiss"]
[EventRounds "9"]
[EventCountry "ESP"]
[Source "lmi"]
[SourceDate "2012.07.16"]

1. e4 e6 2. d4 d5 3. Nc3 Bb4 4. Nge2 dxe4 5. a3 Bxc3+ 6. Nxc3 Nc6 7. Bb5 Bd7 8.
Nxe4 a6 9. Be2 Nge7 10. Bg5 h6 11. Bh4 Qc8 12. Bxe7 Nxe7 13. Qd3 Bc6 14. O-O-O
Qd7 15. Bf3 O-O-O 16. Nc5 Qd6 17. Bxc6 Qxc6 18. f3 Kb8 19. Qe4 Qb6 20. Rd3 Qc6
21. Qe5 Nf5 22. Nb3 Rd5 23. Qf4 b6 24. Kb1 Rhd8 25. Rhd1 Qd6 26. Qxd6 R5xd6 27.
g4 Ne7 28. f4 g5 29. Rf1 f5 30. gxf5 exf5 31. fxg5 hxg5 32. Re3 R8d7 33. Rg1
Rg6 34. c3 g4 35. Reg3 Rh6 36. h3 gxh3 37. Rh1 h2 38. Rg2 f4 39. Rgxh2 Rxh2 40.
Rxh2 Nd5 41. Rf2 Rf7 42. Nd2 Ne3 1/2-1/2

[Event "España ch sub-16 2012"]
[Site "Salobreña ESP"]
[Date "2012.07.18"]
[Round "5.5"]
[White "Martin Garcia, Guillermo"]
[Black "Acosta Sosa, Juan Manuel"]
[Result "1-0"]
[WhiteElo "1963"]
[BlackElo "2166"]
[PlyCount "137"]
[EventDate "2012.07.16"]
[EventType "swiss"]
[EventRounds "9"]
[EventCountry "ESP"]
[Source "lmi"]
[SourceDate "2012.07.16"]

1. e4 c5 2. Nf3 Nc6 3. c3 d5 4. exd5 Qxd5 5. d4 Nf6 6. Be2 e6 7. O-O Be7 8. Be3
cxd4 9. cxd4 O-O 10. Nc3 Qd6 11. h3 a6 12. Qd2 b5 13. Rac1 Bb7 14. Rfd1 Nb4 15.
Bf4 Qb6 16. a4 Nbd5 17. axb5 Nxc3 18. bxc3 axb5 19. Rb1 b4 20. cxb4 Nd5 21. b5
Ra4 22. Be5 Bb4 23. Qc2 Qa5 24. Nd2 Nc3 25. Nc4 Qa7 26. Rxb4 Nxe2+ 27. Qxe2
Rxb4 28. Bd6 Rxb5 29. Bxf8 Kxf8 30. Ne5 Qa4 31. Rc1 Kg8 32. Nxf7 Kxf7 33. Rc7+
Kf6 34. Qg4 Rg5 35. Qf4+ Kg6 36. Rxb7 Qc6 37. Rxg7+ Kxg7 38. Qxg5+ Kf7 39. Qf4+
Kg7 40. Qg4+ Kh8 41. g3 Qd5 42. h4 Qc6 43. h5 Qc1+ 44. Kg2 Qh6 45. Qh4 Kg8 46.
d5 exd5 47. Qd8+ Kg7 48. Qd7+ Kf8 49. Qxd5 Qb6 50. Qf5+ Kg7 51. Qg5+ Kf7 52. h6
Qc6+ 53. Kh2 Qc2 54. Qg7+ Ke6 55. Qg4+ Ke7 56. Qf4 Qg6 57. Kh3 Qe6+ 58. Kh4 Qc6
59. Qe5+ Kf7 60. Qg7+ Ke6 61. Qxh7 Qh1+ 62. Kg4 Qd1+ 63. f3 Kf6 64. Qf5+ Ke7
65. h7 Qa1 66. Qg5+ Kd7 67. Qg8 Qd4+ 68. Kh3 Qg4+ 69. fxg4 1-0

[Event "España ch sub-16 2012"]
[Site "Salobreña ESP"]
[Date "2012.07.18"]
[Round "5.6"]
[White "Diaz Camallonga, Carles"]
[Black "Abal Cores, Lucas"]
[Result "1-0"]
[WhiteElo "2144"]
[BlackElo "1951"]
[PlyCount "121"]
[EventDate "2012.07.16"]
[EventType "swiss"]
[EventRounds "9"]
[EventCountry "ESP"]
[Source "lmi"]
[SourceDate "2012.07.16"]

1. e4 c5 2. Nf3 Nc6 3. d4 cxd4 4. Nxd4 e5 5. Nb5 d6 6. c4 Nf6 7. N1c3 a6 8. Na3
Be7 9. Be2 O-O 10. Be3 Be6 11. O-O Rc8 12. Qd2 Ng4 13. Bxg4 Bxg4 14. f3 Be6 15.
Rfd1 f5 16. Nd5 Bxd5 17. cxd5 Nb8 18. Rac1 fxe4 19. fxe4 Qd7 20. Rxc8 Rxc8 21.
Rc1 Rf8 22. h3 Qd8 23. Nc4 Nd7 24. Qb4 b5 25. Na5 Bg5 26. Bxg5 Qxg5 27. Qe1 Nc5
28. Rc3 Rf4 29. Re3 h5 30. b4 Na4 31. Qc1 Kh7 32. Rf3 Nb6 33. Rxf4 exf4 34. Qc3
Na4 35. Qc2 Kh6 36. Qd2 Qe5 37. Qe1 Qc3 38. Qxc3 Nxc3 39. e5 Nxd5 40. exd6 Nb6
41. Nb7 Kg6 42. Nc5 Kf6 43. Nxa6 Ke6 44. Nc7+ Kxd6 45. Nxb5+ Kd5 46. Nc7+ Ke5
47. h4 Kf5 48. Kf2 Kg4 49. Ne6 g6 50. Nc5 Kxh4 51. a4 g5 52. a5 Nc4 53. a6 g4
54. a7 g3+ 55. Kf3 Ne5+ 56. Kxf4 Nd3+ 57. Kf5 Ne1 58. a8=Q Nxg2 59. Qe4+ Kh3
60. Nd3 h4 61. Nf4+ 1-0

[Event "España ch sub-16 2012"]
[Site "Salobreña ESP"]
[Date "2012.07.18"]
[Round "5.7"]
[White "Mercado Larrea, Adrian"]
[Black "Martin Duque, Jesus"]
[Result "0-1"]
[WhiteElo "1875"]
[BlackElo "2241"]
[PlyCount "90"]
[EventDate "2012.07.16"]
[EventType "swiss"]
[EventRounds "9"]
[EventCountry "ESP"]
[Source "lmi"]
[SourceDate "2012.07.16"]

1. d4 Nf6 2. c4 c6 3. Nc3 d5 4. cxd5 cxd5 5. Bf4 Nc6 6. e3 a6 7. Bd3 Bg4 8.
Nge2 e6 9. a3 Be7 10. O-O O-O 11. f3 Bh5 12. Rc1 Nd7 13. Qc2 Bg6 14. Rfd1 Nb6
15. Bxg6 hxg6 16. e4 Rc8 17. Qd3 Na5 18. Rc2 Nac4 19. Rdc1 Qd7 20. exd5 exd5
21. Nd1 Bf6 22. Ne3 Rfe8 23. Nc3 g5 24. Be5 Bxe5 25. dxe5 Rxe5 26. Nxc4 Nxc4
27. b3 Nxa3 28. Re2 Rxe2 29. Nxe2 Rxc1+ 30. Nxc1 Nb5 31. Ne2 Qc6 32. Qe3 f6 33.
Kf2 Kf7 34. f4 gxf4 35. Qxf4 Nd6 36. Qg4 Ne4+ 37. Kf1 g6 38. Qh3 Kg7 39. Qg4 f5
40. Qf4 Qf6 41. Qc7+ Kh6 42. Qc1+ Kh7 43. Qa3 Qd6 44. Qa4 Qc6 45. Qa3 Qc5 0-1

[Event "España ch sub-16 2012"]
[Site "Salobreña ESP"]
[Date "2012.07.18"]
[Round "5.8"]
[White "Nicolas Zapata, Irene"]
[Black "Rodriguez Garcia, Carlos"]
[Result "1-0"]
[WhiteElo "2235"]
[BlackElo "1866"]
[PlyCount "35"]
[EventDate "2012.07.16"]
[EventType "swiss"]
[EventRounds "9"]
[EventCountry "ESP"]
[Source "lmi"]
[SourceDate "2012.07.16"]

1. Nf3 f5 2. d3 Nf6 3. e4 d6 4. Nc3 e5 5. exf5 Bxf5 6. d4 e4 7. Nh4 Bg4 8. Be2
Bxe2 9. Qxe2 d5 10. Bg5 Be7 11. Nf5 Nc6 12. Nxg7+ Kf7 13. Nf5 Qd7 14. Bxf6 Bxf6
15. Qh5+ Kf8 16. O-O-O Rg8 17. Qh6+ Bg7 18. Qxh7 1-0

[Event "España ch sub-16 2012"]
[Site "Salobreña ESP"]
[Date "2012.07.18"]
[Round "5.9"]
[White "Alvarez Serrano, Carlos"]
[Black "Montoliu Cervero, Francisco"]
[Result "0-1"]
[WhiteElo "1857"]
[BlackElo "2230"]
[PlyCount "52"]
[EventDate "2012.07.16"]
[EventType "swiss"]
[EventRounds "9"]
[EventCountry "ESP"]
[Source "lmi"]
[SourceDate "2012.07.16"]

1. e4 c5 2. Nf3 d6 3. d4 cxd4 4. Nxd4 Nf6 5. Nc3 g6 6. Be3 Bg7 7. f3 O-O 8. Qd2
Nc6 9. O-O-O d5 10. Kb1 Rb8 11. Ndb5 a6 12. Na7 e6 13. Qf2 Ne7 14. Bb6 Qe8 15.
Bc7 Ra8 16. g4 d4 17. e5 dxc3 18. Rd8 Qa4 19. Rd4 Qe8 20. Rd8 Qxd8 21. Bxd8
Rxd8 22. Bd3 Nfd5 23. Nxc8 Raxc8 24. f4 cxb2 25. a3 g5 26. h4 gxf4 0-1

[Event "España ch sub-16 2012"]
[Site "Salobreña ESP"]
[Date "2012.07.18"]
[Round "5.10"]
[White "Shen, Yue"]
[Black "Monge Gilgado, Eva Maria"]
[Result "1-0"]
[WhiteElo "2148"]
[BlackElo "1847"]
[PlyCount "135"]
[EventDate "2012.07.16"]
[EventType "swiss"]
[EventRounds "9"]
[EventCountry "ESP"]
[Source "lmi"]
[SourceDate "2012.07.16"]

1. d4 d5 2. c4 e6 3. g3 dxc4 4. Nf3 Nf6 5. Bg2 Bd7 6. Ne5 Bc6 7. Nxc6 Nxc6 8.
Qa4 Qd7 9. Bxc6 Qxc6 10. Qxc6+ bxc6 11. Nd2 Bb4 12. O-O Bxd2 13. Bxd2 Rb8 14.
Rab1 Ne4 15. Bf4 Kd7 16. Rfc1 Rb4 17. a3 Rb3 18. Rxc4 Rhb8 19. Rbc1 R8b6 20.
R1c2 Rxb2 21. Rxc6 Rxc6 22. Rxb2 Rb6 23. Rc2 Rc6 24. Ra2 Rc4 25. Rb2 Nd6 26. e3
a6 27. Bxd6 Kxd6 28. Kf1 Rc3 29. a4 Rc4 30. Ra2 Kc6 31. Ke2 Kb6 32. Kd3 Rb4 33.
a5+ Kc6 34. h4 h5 35. e4 f6 36. Ke3 Kb5 37. Kd3 Rb3+ 38. Kd2 Kc4 39. Rc2+ Kxd4
40. Rxc7 Rb2+ 41. Ke1 Rb5 42. Rxg7 Kxe4 43. Rg6 Rf5 44. Ke2 Rf3 45. g4 hxg4 46.
Rxg4+ Rf4 47. Rg8 Rf5 48. Rg4+ Kd5 49. Rb4 Rh5 50. Kf3 f5 51. Kg3 Rh8 52. Rb6
Rg8+ 53. Kh3 Rc8 54. Rxa6 Rc3+ 55. Kg2 Ra3 56. Ra8 Ke5 57. a6 Kf6 58. a7 Kg7
59. f4 Kh7 60. h5 Kg7 61. h6+ Kh7 62. Kf2 Ra4 63. Ke3 Re4+ 64. Kd3 Rxf4 65. Rb8
Ra4 66. a8=Q Rxa8 67. Rxa8 Kxh6 68. Kd4 1-0

[Event "España ch sub-16 2012"]
[Site "Salobreña ESP"]
[Date "2012.07.18"]
[Round "5.11"]
[White "Marchena Hurtado, Javier"]
[Black "Ananian, Arman"]
[Result "1-0"]
[WhiteElo "2085"]
[BlackElo "1823"]
[PlyCount "95"]
[EventDate "2012.07.16"]
[EventType "swiss"]
[EventRounds "9"]
[EventCountry "ESP"]
[Source "lmi"]
[SourceDate "2012.07.16"]

1. e4 c6 2. d4 d5 3. Nd2 dxe4 4. Nxe4 Bf5 5. Ng3 Bg6 6. h4 h6 7. Nf3 Nf6 8. Ne5
Bh7 9. f4 e6 10. Be3 Be7 11. Nh5 Rg8 12. Nxf6+ Bxf6 13. g3 Qd5 14. Rh2 Nd7 15.
Qd2 Bxe5 16. dxe5 f6 17. Qxd5 cxd5 18. Bh3 Kf7 19. Bd4 Be4 20. O-O-O h5 21. Rf2
f5 22. b3 Rgc8 23. Bf1 a6 24. a4 Nc5 25. Kb2 a5 26. c4 g6 27. Rfd2 b6 28. Rc1
Rc7 29. cxd5 exd5 30. Rc3 Ke6 31. Rd1 Rac8 32. Rdc1 Kf7 33. Ka3 Ke6 34. Bb5 Kf7
35. b4 Ne6 36. Rxc7+ Rxc7 37. Rxc7+ Nxc7 38. Bxb6 Nxb5+ 39. axb5 a4 40. Bd4 Bd3
41. Kxa4 Ke6 42. Ka5 Kd7 43. b6 Kc6 44. e6 Kb7 45. e7 Bb5 46. Kxb5 g5 47. e8=Q
g4 48. Qd7+ 1-0

[Event "España ch sub-16 2012"]
[Site "Salobreña ESP"]
[Date "2012.07.18"]
[Round "5.12"]
[White "Rodriguez Rodriguez, Alvaro"]
[Black "Forsberg Conde, Martin"]
[Result "1/2-1/2"]
[WhiteElo "1811"]
[BlackElo "2046"]
[PlyCount "79"]
[EventDate "2012.07.16"]
[EventType "swiss"]
[EventRounds "9"]
[EventCountry "ESP"]
[Source "lmi"]
[SourceDate "2012.07.16"]

1. e4 e5 2. Nf3 Nc6 3. Bb5 a6 4. Bxc6 dxc6 5. d4 exd4 6. Qxd4 Qxd4 7. Nxd4 Bd7
8. Be3 O-O-O 9. Nd2 c5 10. Ne2 b6 11. O-O-O g6 12. Nc3 Bc6 13. Nc4 Rxd1+ 14.
Rxd1 Bg7 15. f3 Ne7 16. Bg5 f6 17. Bf4 h6 18. Ne3 f5 19. Ncd5 Nxd5 20. Nxd5
Bxd5 21. exd5 g5 22. Bd2 Kd7 23. Re1 c4 24. Re6 Re8 25. Rg6 Bf8 26. Kd1 Re5 27.
Rf6 Ke8 28. Rc6 Rxd5 29. Rxc4 Bd6 30. g3 Kd7 31. Ke2 Be5 32. Bc1 c5 33. Ra4 a5
34. Ra3 Bd6 35. Rd3 Kc6 36. c4 Re5+ 37. Re3 Rxe3+ 38. Bxe3 Be5 39. b3 Bf6 40.
Bc1 1/2-1/2

[Event "España ch sub-16 2012"]
[Site "Salobreña ESP"]
[Date "2012.07.18"]
[Round "5.13"]
[White "Lopez Caudevilla, David"]
[Black "Bernal Gomez, Alejandro"]
[Result "1-0"]
[WhiteElo "1999"]
[BlackElo "1785"]
[PlyCount "118"]
[EventDate "2012.07.16"]
[EventType "swiss"]
[EventRounds "9"]
[EventCountry "ESP"]
[Source "lmi"]
[SourceDate "2012.07.16"]

1. e4 c5 2. Nc3 Nc6 3. d3 g6 4. g3 Bg7 5. Bg2 e6 6. f4 Nge7 7. Nf3 d6 8. O-O
O-O 9. Be3 Rb8 10. Qd2 Nd4 11. Nd1 Nxf3+ 12. Bxf3 b5 13. g4 f5 14. gxf5 exf5
15. Kh1 a5 16. c3 a4 17. Rb1 Qc7 18. Bf2 Ba6 19. Re1 b4 20. Bg3 Nc6 21. Ne3
bxc3 22. bxc3 Rxb1 23. Rxb1 Rb8 24. Rxb8+ Qxb8 25. exf5 Qb1+ 26. Be1 Ne7 27.
Be4 d5 28. Nxd5 Nxf5 29. Qe2 h6 30. Kg2 Bb7 31. Bf2 Kh7 32. Bxc5 Qb5 33. Qf2
Bxd5 34. Bxd5 Qxd3 35. c4 Bf6 36. a3 Nh4+ 37. Kg1 Qd1+ 38. Qf1 Qg4+ 39. Kh1 Qf5
40. Bg1 Be7 41. Qf2 Qd3 42. Qe3 Qxe3 43. Bxe3 Bxa3 44. c5 Nf5 45. Bf2 Ne7 46.
Be6 Bc1 47. Bg3 Be3 48. f5 Nxf5 49. Bxf5 gxf5 50. c6 Bb6 51. c7 Bxc7 52. Bxc7
Kg7 53. Bd6 Kf7 54. Kg2 Ke6 55. Bb4 Kd5 56. Kf3 Kc4 57. Bf8 h5 58. Kf4 Kd4 59.
Kxf5 Kd5 1-0

[Event "España ch sub-16 2012"]
[Site "Salobreña ESP"]
[Date "2012.07.18"]
[Round "5.14"]
[White "Castillo Rodriguez, Angel Luis"]
[Black "Buendia Pinar, Alvaro"]
[Result "0-1"]
[WhiteElo "1805"]
[BlackElo "1999"]
[PlyCount "138"]
[EventDate "2012.07.16"]
[EventType "swiss"]
[EventRounds "9"]
[EventCountry "ESP"]
[Source "lmi"]
[SourceDate "2012.07.16"]

1. e4 c6 2. Nc3 d5 3. Qf3 dxe4 4. Nxe4 Nf6 5. Bc4 e6 6. Nxf6+ Qxf6 7. Qxf6 gxf6
8. d4 Bd6 9. Ne2 Nd7 10. Bf4 Bxf4 11. Nxf4 b5 12. Bd3 Nb6 13. O-O-O Bb7 14.
Rhe1 O-O-O 15. c3 f5 16. Be2 Nd7 17. Nd3 a6 18. f4 c5 19. g3 cxd4 20. cxd4 Nf6
21. Ne5 Rhf8 22. b3 Ne4 23. Kb2 Rd6 24. a4 f6 25. Rc1+ Kb8 26. Nf3 bxa4 27. Rc4
axb3 28. Rb4 Ka7 29. Rc1 Rb6 30. Rxb3 Rxb3+ 31. Kxb3 Bd5+ 32. Ka3 Rf7 33. Bd1
Rb7 34. Ne1 Nd6 35. Nd3 Nc4+ 36. Rxc4 Bxc4 37. Nc5 Rb1 38. Bf3 Bd5 39. Bxd5
exd5 40. Nd7 Rh1 41. Nxf6 Rxh2 42. Nxd5 Rh3 43. Kb4 Rxg3 44. Nf6 Kb6 45. Nxh7
Rg4 46. Nf6 Rg1 47. Nd5+ Kb7 48. Ka3 Rd1 49. Ne7 Rxd4 50. Nxf5 Rxf4 51. Ne7 Rf7
52. Nd5 Kc6 53. Nb4+ Kb5 54. Na2 Rf3+ 55. Kb2 a5 56. Nc3+ Kc4 57. Nb1 Kb4 58.
Nd2 Rf2 59. Kc1 a4 60. Ne4 Rh2 61. Kb1 a3 62. Ka1 Re2 63. Ng3 Re5 64. Ka2 Re3
65. Nf5 Re2+ 66. Ka1 Rd2 67. Ne3 Kb3 68. Kb1 Re2 69. Nd1 Re1 0-1

[Event "España ch sub-16 2012"]
[Site "Salobreña ESP"]
[Date "2012.07.18"]
[Round "5.15"]
[White "Nuñez Miranda, Adrian"]
[Black "Sanchez Merino, Christian"]
[Result "1-0"]
[WhiteElo "1909"]
[BlackElo "1708"]
[PlyCount "47"]
[EventDate "2012.07.16"]
[EventType "swiss"]
[EventRounds "9"]
[EventCountry "ESP"]
[Source "lmi"]
[SourceDate "2012.07.16"]

1. e4 g6 2. d4 Bg7 3. c3 d6 4. Bd3 e5 5. Be3 exd4 6. cxd4 Nc6 7. Ne2 Nge7 8.
Nbc3 f5 9. Qb3 Rf8 10. f3 f4 11. Bf2 Bd7 12. Rc1 g5 13. d5 Ne5 14. Bb1 Qc8 15.
h3 h5 16. Nd4 Rf6 17. Ncb5 c5 18. Ne6 Rxe6 19. dxe6 Bxb5 20. Qxb5+ Qc6 21.
Qxc6+ bxc6 22. Ke2 Rb8 23. b3 a5 24. Rhd1 1-0

[Event "España ch sub-16 2012"]
[Site "Salobreña ESP"]
[Date "2012.07.18"]
[Round "5.16"]
[White "Iglesias Garcia, Jorge"]
[Black "Gutierrez Valero, Mario"]
[Result "1/2-1/2"]
[WhiteElo "1912"]
[BlackElo "2135"]
[PlyCount "44"]
[EventDate "2012.07.16"]
[EventType "swiss"]
[EventRounds "9"]
[EventCountry "ESP"]
[Source "lmi"]
[SourceDate "2012.07.16"]

1. d4 Nf6 2. c4 g6 3. Nc3 Bg7 4. e4 d6 5. Nf3 O-O 6. h3 e5 7. d5 a5 8. Be3 Na6
9. g4 Nd7 10. Be2 Ndc5 11. Qd2 f5 12. gxf5 gxf5 13. Bh6 Bxh6 14. Qxh6 Qf6 15.
Rg1+ Kh8 16. Rg6 Qxg6 17. Qxf8+ Qg8 18. Qf6+ Qg7 19. Qd8+ Qg8 20. Qf6+ Qg7 21.
Qd8+ Qg8 22. Qf6+ Qg7 1/2-1/2

[Event "España ch sub-16 2012"]
[Site "Salobreña ESP"]
[Date "2012.07.18"]
[Round "5.17"]
[White "Montoya Pecurul, Marc"]
[Black "Sanchez Garcia, Julio"]
[Result "0-1"]
[WhiteElo "1903"]
[BlackElo "2108"]
[PlyCount "58"]
[EventDate "2012.07.16"]
[EventType "swiss"]
[EventRounds "9"]
[EventCountry "ESP"]
[Source "lmi"]
[SourceDate "2012.07.16"]

1. e4 c5 2. Nf3 Nc6 3. d4 cxd4 4. Nxd4 g6 5. Nc3 Bg7 6. Be3 Nf6 7. Bc4 O-O 8.
Bb3 d6 9. h3 Bd7 10. O-O Na5 11. Re1 Rc8 12. Qe2 a6 13. Rad1 b5 14. Nd5 Re8 15.
Bg5 Nc4 16. c3 h6 17. Bxf6 exf6 18. Bxc4 Rxc4 19. Qf3 Bc8 20. h4 h5 21. Qg3 Bb7
22. Ne3 Rc5 23. Nb3 Rce5 24. f3 f5 25. exf5 Rxe3 26. Rxe3 Rxe3 27. Rxd6 Qe7 28.
fxg6 Re1+ 29. Kh2 Qxd6 0-1

[Event "España ch sub-16 2012"]
[Site "Salobreña ESP"]
[Date "2012.07.18"]
[Round "5.18"]
[White "Garcia De Lomas Guerrero, Carlos"]
[Black "Garcia Martinez, Marcos"]
[Result "1/2-1/2"]
[WhiteElo "2041"]
[BlackElo "1849"]
[PlyCount "68"]
[EventDate "2012.07.16"]
[EventType "swiss"]
[EventRounds "9"]
[EventCountry "ESP"]
[Source "lmi"]
[SourceDate "2012.07.16"]

1. e4 e6 2. Nf3 d5 3. Nc3 Nf6 4. e5 Nfd7 5. d4 c5 6. dxc5 Nc6 7. Bf4 Nxc5 8. a3
a5 9. Bd3 Be7 10. h3 b6 11. Bb5 Bd7 12. Bxc6 Bxc6 13. Nd4 Bd7 14. O-O O-O 15.
Qg4 f5 16. Qe2 Qe8 17. Rfe1 Ne4 18. Nxe4 fxe4 19. Qg4 Qf7 20. Be3 Bc5 21. Rad1
Rac8 22. Rd2 a4 23. h4 b5 24. c3 Bxd4 25. Bxd4 Qf4 26. Qxf4 Rxf4 27. g3 Rff8
28. Kg2 Be8 29. Be3 h5 30. Rdd1 Bg6 31. Kh2 Bf5 32. Rd4 Rc4 33. Rd2 Ra8 34. Bd4
Kh7 1/2-1/2